Most Christian Countries in the World - Statistics

General Stats
  • This quiz has been taken 80 times
  • The average score is 11 of 24
Answer Stats
% Answer % Correct
100.0 Vatican City
92%
92.4 Mexico
78%
91.6 San Marino
75%
94.3 Poland
71%
98.0 Greece
68%
92.0 Colombia
63%
98.0 Romania
62%
91.0 Serbia
59%
91.6 Malta
58%
94.0 Ecuador
46%
96.0 Haiti
46%
96.0 Paraguay
46%
92.0 DR Congo
45%
92.0 Panama
41%
95.3 Moldova
38%
97.9 Armenia
36%
99.1 East Timor
36%
97.3 Grenada
30%
95.0 Bahamas
26%
97.0 Papua New Guinea
22%
93.6 Rwanda
22%
95.4 Federated States of Micronesia
20%
94.7 Seychelles
18%
95.5 Zambia
18%
No matching quizzes found
Score Distribution
Percent of People with Each Score
Percentile by Number Answered
Your Score History
You have not taken this quiz